La sombra del almendro / (Record no. 197726)

MARC details
000 -LEADER
campo de control de longitud fija 01358nam a2200325 i 4500
001 - NÚMERO DE CONTROL
campo de control 197726
003 - IDENTIFICADOR DE NÚMERO DE CONTROL
campo de control SpMaBN
005 - FECHA Y HORA DE LA ÚLTIMA TRANSACCIÓN
campo de control 20250901063143.0
008 - DATOS DE LONGITUD FIJA--INFORMACIÓN GENERAL
campo de control de longitud fija 250712s2024 sp |||||| 000 | spa|
017 ## - NÚMERO DE COPYRIGHT O DE DEPÓSITO LEGAL
Número de copyright o de depósito legal M 8203-2025
Agencia que asigna Oficina Depósito Legal Madrid
020 ## - NÚMERO INTERNACIONAL ESTÁNDAR DEL LIBRO
Número Internacional Estándar del Libro 9788410389953
040 ## - FUENTE DE CATALOGACIÓN
Centro catalogador/agencia de origen SpMaBN
Lengua de catalogación spa
Centro/agencia transcriptor SpMaBN
Normas de descripción rda
100 1# - ENTRADA PRINCIPAL--NOMBRE DE PERSONA
9 (RLIN) 90770
Nombre de persona Pérez de Castro, Dominica
Término indicativo de función/relación Autor
245 10 - MENCIÓN DEL TÍTULO
Título La sombra del almendro /
Mención de responsabilidad, etc. Dominica Pérez de Castro ; prólogo de María Dolores Muñoz Fernández, pórtico de Julián Esteban Serrano.
250 ## - MENCION DE EDICION
Mención de edición Primera edición: junio 2025
260 ## - PUBLICACIÓN, DISTRIBUCIÓN, ETC.
Lugar de publicación, distribución, etc. Madrid :
Nombre del editor, distribuidor, etc. Grupo Editorial Sial Pigmalión,
Fecha de publicación, distribución, etc. 2025.
300 ## - DESCRIPCIÓN FÍSICA
Extensión 197 páginas ;
Dimensiones 20 cm.
336 ## - TIPO DE CONTENIDO
Término de tipo de contenido texto
Fuente rdacontent
337 ## - TIPO DE MEDIO
Nombre/término del tipo de medio sin mediación
Fuente rdamedia
338 ## - TIPO DE SOPORTE
Nombre/término del tipo de soporte volumen
Fuente rdacarrier
655 #7 - TERMINO DE INDIZACIÓN--GENERO/FORMA
Fuente del término tgfbne
9 (RLIN) 176539
Datos o término principal de género/forma Poesías
700 1# - ENTRADA AGREGADA--NOMBRE PERSONAL
Nombre de persona Muñoz Fernández, María Dolores
Término indicativo de función/relación Autor de introducción
9 (RLIN) 242154
700 1# - ENTRADA AGREGADA--NOMBRE PERSONAL
Nombre de persona Esteban Serrano, Julián
Término indicativo de función/relación Autor de introducción
9 (RLIN) 242155
852 ## - LOCALIZACIÓN
Ubicación ES-MaACL
Ubicación en estantería Depósito J
Número de control de estantería N-10595
Anotaciones manuscritas Dedicatoria autógrafa de la autora
Donativo/Legado Donación: Dominica Pérez de Castro
Encuadernación Encuadernación rústica con solapas
itemnumber 206718
903 ## - NOMBRE PERSONAL DE DONANTE
9 90770
a Pérez de Castro, Dominica
e Donante
942 ## - ELEMENTOS DE ENTRADA SECUNDARIOS (KOHA)
Tipo de ítem Koha Libro impreso
Suprimir en OPAC No
Holdings
Estatus retirado Estado de pérdida Fuente del sistema de clasificación o colocación Estado de daño No para préstamo Colección Biblioteca de origen Biblioteca actual Ubicación en estantería Fecha de adquisición Fuente de adquisición Número de control de estantería Total de préstamos Signatura topográfica completa Código de barras Visto por última vez Precio de reemplazo Tipo de ítem Koha
    Clasificación decimal universal     Libros con dedicatorias Biblioteca del Ateneo de Madrid Biblioteca del Ateneo de Madrid Depósito J 30/08/2025 Donación Ateneísta   N-10595 2025-1094 30/08/2025 30/08/2025 Libro impreso